| 000 | 00336nam a2200121Ia 4500 | ||
|---|---|---|---|
| 008 | 231129s1992||||xx |||||||||||||| ||spa|| | ||
| 082 | _aER- 596 | ||
| 100 | _aValencia Vargas Diver. Presbítero. | ||
| 245 | 0 | _aHolocausto y agonía de una raza | |
| 260 | _c1992 | ||
| 264 | _aMedellín: Dugráficas Arte 1992 | ||
| 942 |
_2ddc _cBKS |
||
| 999 |
_c15425 _d15425 |
||